| 000 | 00435nam a22001337a 4500 | ||
|---|---|---|---|
| 999 |
_c4036 _d4036 |
||
| 008 | 250107b ||||| |||| 00| 0 eng d | ||
| 020 | _a9781423144171 | ||
| 082 | _a425 | ||
| 100 |
_aNeal Shusterman and Eric Elfman _eShusterman,Neal and Elfman,Eric _kBook 2 Of The Accelerati Trilogy _lEnglish |
||
| 245 | _aEdison's Alley | ||
| 260 |
_aUnited States of America250 _bDisney |
||
| 300 |
_a250 _c13cm |
||
| 942 |
_2ddc _h425 |
||